| 000 | 00921nam a2200289Ia 4500 | ||
|---|---|---|---|
| 003 | OSt | ||
| 005 | 20221005060715.0 | ||
| 006 | a|||||r|||| 00| 0 | ||
| 007 | ta | ||
| 008 | 221004b |||||||| |||| 00| 0 eng d | ||
| 020 |
_a9780415689359 (hbk) _c6523.19 |
||
| 024 | _a118960 | ||
| 037 |
_b220/2011-12, 28/03/2012, Pioneer Books Distributors _cTextual |
||
| 040 |
_aCRL _cCRL _beng |
||
| 041 |
_2eng _aeng |
||
| 082 | _aR325, Q2 | ||
| 100 | _aBhaskar Roy | ||
| 245 | 0 |
_aReflections on metareality _b Transcendence, emancipation and everyday lfie |
|
| 260 |
_aLondon _bRoutledge Taylor & Francis UK _c2002 |
||
| 300 |
_axxvii,286p. _ccm. |
||
| 490 | _aClassical texts in critical realism | ||
| 650 | _a METAPHYSICS | ||
| 650 | _a REALISM | ||
| 650 | _aPHILOSOPHY | ||
| 942 |
_hR325, Q2 _cTEXL _2cc |
||
| 999 |
_c967119 _d967119 |
||